Normal view
MARC view
- التحكيم-قانون-التحكيم المصري-التحكيم الفرنسي-مقارنة
Entry Topical Term
001 - CONTROL NUMBER
- control field: 61799
003 - CONTROL NUMBER IDENTIFIER
- control field: JO-AjAnu
005 - DATE AND TIME OF LATEST TRANSACTION
- control field: 20230606084109.0
008 - FIXED-LENGTH DATA ELEMENTS
- fixed length control field: 230606|| aca||aabn | a|a d
040 ## - CATALOGING SOURCE
- Original cataloging agency: JO-AjAnu
- Transcribing agency: JO-AjAnu
150 ## - HEADING--TOPICAL TERM
- Topical term or geographic name entry element: التحكيم-قانون-التحكيم المصري-التحكيم الفرنسي-مقارنة
670 ## - SOURCE DATA FOUND
- Source citation: Work cat.: (JO-AjAnu)31520: عيد، محمد صلاح احمد , author 61798, الدفع بوجود الاتفاق على التحكيم: دراسة مقارنة بين قانون التحكيم المصري وقانون النحكيم الفرنسي الجديد الصادر بالمرسوم رقم 48 لسنة 2011